[Event "296th YMCA Winter A"]
[Site "Warsaw"]
[Date "2025.02.26"]
[Round "8"]
[White "Mazurek, Jerzy"]
[Black "Celinski, Kamil"]
[Result "1/2-1/2"]
[WhiteElo "1891"]
[BlackElo "1997"]
[PlyCount "101"]
[EventDate "2025.01.10"]
[EventType "tourn"]
[EventRounds "1"]
[EventCountry "POL"]
[SourceDate "2025.01.10"]

1. e4 c5 2. Nf3 d6 3. d4 cxd4 4. Nxd4 Nf6 5. Nc3 a6 6. Be2 e5 7. Nb3 Be6 8. Be3
Be7 9. Nd5 Bxd5 10. exd5 Nbd7 11. Qd2 Qc7 12. c4 a5 13. Qd3 a4 14. Nd2 Nc5 15.
Qc2 O-O 16. O-O Nfd7 17. f4 exf4 18. Bxf4 Bf6 19. Rab1 Rfe8 20. Nf3 h6 21. b4
axb3 22. axb3 Ne4 23. Bd3 Ndc5 24. Rbe1 Nxd3 25. Qxd3 Nc5 26. Qc2 Qb6 27. Kh1
Rxe1 28. Rxe1 Rd8 29. Nd2 $11 Na6 30. Qf5 Qf2 31. Rf1 Qe2 32. Bxh6 Rf8 33. Ne4
Be5 34. Ng5 Qxf1+ 35. Qxf1 gxh6 36. Ne4 f5 37. Nd2 Nc5 38. Qe2 Ra8 39. g3 Ra1+
40. Kg2 Ra2 41. Kh3 Ne4 42. Qh5 Ng5+ 43. Kh4 Rxd2 44. Qg6+ Bg7 45. Qxf5 Rxh2+
46. Kg4 Re2 47. Qc8+ Kh7 48. Qf5+ Kg8 49. Qc8+ Kh7 50. Qf5+ Kg8 51. Qc8+
1/2-1/2

[Event "296th YMCA Winter A"]
[Site "Warsaw"]
[Date "2025.03.05"]
[Round "8"]
[White "Lewandrowski, Tomasz"]
[Black "Bobinski, Lukasz"]
[Result "0-1"]
[WhiteElo "1972"]
[BlackElo "1922"]
[PlyCount "66"]
[EventDate "2025.01.10"]
[EventType "tourn"]
[EventRounds "1"]
[EventCountry "POL"]
[SourceDate "2025.01.10"]

1. c4 Nf6 2. Nc3 g6 3. e4 d6 4. d3 Bg7 5. h4 h5 6. Be2 c5 7. Bg5 Nc6 8. Nh3 Nd4
9. Qd2 a6 10. Nd5 Nxd5 11. cxd5 b5 12. Be3 Bd7 13. Ng5 a5 14. O-O a4 15. Rae1
Qa5 16. Qd1 b4 17. f4 b3 18. axb3 axb3 19. e5 Nc2 20. Bd2 Qb6 21. Bc3 Ra1 22.
Qd2 Rxe1 23. Rxe1 Nxe1 24. Qxe1 O-O 25. Bxh5 Bf5 26. Be2 c4+ 27. d4 dxe5 28.
fxe5 Bxe5 29. Qf2 Bf6 30. Bxc4 Rc8 31. g4 Rxc4 32. gxf5 Rxc3 33. bxc3 b2 0-1

[Event "296th YMCA Winter A"]
[Site "Warsaw"]
[Date "2025.03.07"]
[Round "9"]
[White "Bobinski, Lukasz"]
[Black "Flis, Piotr"]
[Result "0-1"]
[WhiteElo "1922"]
[BlackElo "1993"]
[PlyCount "108"]
[EventDate "2025.01.10"]
[EventType "tourn"]
[EventRounds "1"]
[EventCountry "POL"]
[SourceDate "2025.01.10"]

1. c4 c6 2. g3 d5 3. Bg2 e5 4. cxd5 cxd5 5. d4 e4 6. Nc3 Nf6 7. Bg5 Nbd7 8. e3
h6 9. Bxf6 Nxf6 10. Qb3 Bg4 11. f3 Bf5 12. fxe4 dxe4 13. Nge2 Qd7 14. Rc1 Be7
15. O-O O-O $11 16. Nf4 Rfd8 17. Nb5 a6 18. Rc7 Qxb5 19. Rxe7 Qxb3 20. axb3 Rd7
21. Re5 Bh7 22. Rc5 g5 23. Ne2 Nd5 24. Bh3 Rd6 25. Kf2 Rf6+ 26. Ke1 Rxf1+ 27.
Kxf1 Nxe3+ 28. Ke1 b6 29. Re5 Rd8 30. Kd2 Nd5 31. Nc3 Nb4 32. d5 Nc6 33. Re8+
Rxe8 34. dxc6 f5 35. c7 Rc8 36. Nd5 Kg7 37. Ke3 g4 38. Bf1 b5 39. Kf4 Bg8 40.
Ne7 Rxc7 41. Nxf5+ Kf6 42. Nxh6 Be6 43. Be2 Rh7 44. Nxg4+ Bxg4 45. Bxg4 Rxh2
46. Kxe4 Rxb2 47. Bd1 Rb1 48. Bc2 Rg1 49. Kf4 Rc1 50. Be4 a5 51. g4 a4 52. g5+
Kg7 53. bxa4 bxa4 54. Ke3 a3 0-1

[Event "296th YMCA Winter A"]
[Site "Warsaw"]
[Date "2025.02.25"]
[Round "9"]
[White "Celinski, Kamil"]
[Black "Lewandrowski, Tomasz"]
[Result "0-1"]
[WhiteElo "1997"]
[BlackElo "1972"]
[PlyCount "138"]
[EventDate "2025.01.10"]
[EventType "tourn"]
[EventRounds "1"]
[EventCountry "POL"]
[SourceDate "2025.01.10"]

1. e4 c5 2. Nf3 Nc6 3. d4 cxd4 4. Nxd4 e5 5. Nb5 d6 6. N1c3 a6 7. Na3 Be7 8.
Nd5 Nf6 9. Nxf6+ Bxf6 10. Bc4 O-O 11. O-O Be6 12. Be3 Rc8 13. Bxe6 fxe6 14. c3
d5 15. Bc5 Rf7 16. Qb3 Na5 17. Qb6 Qxb6 18. Bxb6 Nc4 19. Nxc4 Rxc4 20. exd5
exd5 21. Rfd1 Rd7 22. Rd2 Kf7 23. Rad1 Ke6 24. Re2 g5 25. f3 h5 26. Bd4 Kf5 27.
Be3 b5 28. Red2 Ke6 29. Rd3 g4 30. b3 Rc8 31. Kf1 gxf3 32. gxf3 Rg8 33. Bf2 a5
34. f4 exf4 35. c4 bxc4 36. bxc4 d4 37. Bxd4 Rgd8 38. Re1+ Kf5 39. Bxf6 Rxd3
40. Bxd8 Rxd8 41. Rb1 $11 Rd2 42. Rb5+ Kg4 43. Rxa5 Rxh2 44. Ra3 Rc2 45. Kg1
Rxc4 46. Rb3 Rc2 47. a3 Ra2 48. Rc3 h4 49. Rb3 h3 50. Rb8 Rxa3 51. Rh8 Ra2 52.
Rb8 Kg3 53. Rg8+ Kf3 54. Rb8 Rg2+ 55. Kf1 Rf2+ 56. Kg1 h2+ 57. Kh1 Re2 58. Rb4
Re4 59. Rb7 Kf2 60. Kxh2 f3 61. Rb2+ Re2 62. Rb3 Kf1+ 63. Kg3 f2 64. Kh2 Rd2
65. Rb8 Ke1 66. Re8+ Re2 67. Rxe2+ Kxe2 68. Kg2 f1=Q+ 69. Kh2 Qf8 0-1

[Event "296th YMCA Winter A"]
[Site "Warsaw"]
[Date "2025.02.12"]
[Round "9"]
[White "Urych, Krzysztof"]
[Black "Mazurek, Jerzy"]
[Result "0-1"]
[WhiteElo "1954"]
[BlackElo "1891"]
[PlyCount "52"]
[EventDate "2025.01.10"]
[EventType "tourn"]
[EventRounds "1"]
[EventCountry "POL"]
[SourceDate "2025.01.10"]

1. e4 e5 2. Nf3 Nc6 3. Bc4 Bc5 4. d3 Nf6 5. Nc3 a6 6. Be3 Bxe3 7. fxe3 d6 8.
Ng5 O-O 9. O-O Bg4 10. Nxf7 Rxf7 11. Bxf7+ Kf8 12. Qe1 Kxf7 13. Qh4 Be6 14. Nd5
Bxd5 15. exd5 Ne7 16. Rxf6+ gxf6 17. Qxh7+ Kf8 18. Qh6+ Kf7 19. Qh7+ Kf8 20.
Rf1 Ng8 21. Rf3 Qe7 22. Qf5 Rd8 23. e4 Rd7 24. Rg3 Qh7 25. Qe6 Qf7 26. Rxg8+
Kxg8 0-1

[Event "296th YMCA Winter A"]
[Site "Warsaw"]
[Date "2025.01.23"]
[Round "9"]
[White "Choroszej, Aleksander"]
[Black "Rozycki, Bartlomiej"]
[Result "0-1"]
[WhiteElo "2022"]
[BlackElo "2130"]
[PlyCount "72"]
[EventDate "2025.01.10"]
[EventType "tourn"]
[EventRounds "1"]
[EventCountry "POL"]
[SourceDate "2025.01.10"]

1. d4 Nf6 2. c4 e6 3. Nc3 Bb4 4. f3 d5 5. a3 Bxc3+ 6. bxc3 O-O 7. cxd5 exd5 8.
e3 c5 9. Bd3 b6 10. Ne2 Ba6 11. Bxa6 Nxa6 12. O-O Re8 13. Ra2 Nc7 14. g4 Rc8
15. Nf4 Ne6 16. Nd3 h5 17. gxh5 Nxh5 18. Rg2 Qf6 19. Ne5 cxd4 20. cxd4 Rc3 21.
f4 Qf5 22. Qa4 Rec8 23. Bd2 R3c7 24. Ng4 Kh8 25. Qd1 Rc2 26. Ne5 g6 27. Qf3 Rd8
28. Kh1 Kg7 29. Rfg1 Nf6 30. Be1 Rxg2 31. Rxg2 Rc8 32. Rg1 Rc2 33. Bh4 Ne4 34.
Ng4 Rc3 35. Qh3 Qh5 36. a4 f5 0-1

[Event "296th YMCA Winter A"]
[Site "Warsaw"]
[Date "2025.03.14"]
[Round "9"]
[White "Szwaj, Jacek"]
[Black "Pettersson, Alexander"]
[Result "1-0"]
[WhiteElo "1924"]
[BlackElo "1841"]
[PlyCount "85"]
[EventDate "2025.01.10"]
[EventType "tourn"]
[EventRounds "1"]
[EventCountry "POL"]
[SourceDate "2025.01.10"]

1. e4 c6 2. d4 d5 3. exd5 cxd5 4. Bd3 Nc6 5. c3 Nf6 6. Bf4 Bg4 7. Qb3 Qd7 8.
Nd2 e6 9. Ngf3 Bxf3 10. Nxf3 Bd6 11. Bxd6 Qxd6 12. O-O O-O 13. Rae1 Rab8 14.
Qc2 Rfc8 15. Qe2 Qf4 16. g3 Qh6 17. Kg2 a6 18. h4 g6 19. Ng5 Re8 20. f4 Qg7 21.
a4 h5 22. Qd1 b5 23. axb5 axb5 24. b4 Rb6 25. Qe2 Reb8 26. Ra1 Ne8 27. Ra2 Nc7
28. g4 hxg4 29. Qxg4 Ne8 30. Rfa1 Nf6 31. Qf3 Nh5 32. Ra6 Rxa6 33. Rxa6 Nxd4
34. cxd4 Qxd4 35. Nh3 Rc8 36. Bxg6 fxg6 37. Rxe6 Rc2+ 38. Kh1 Rc1+ 39. Kh2 Rc2+
40. Re2 Rc3 41. Qg4 Rxh3+ 42. Qxh3 Qxf4+ 43. Kg2 $138 1-0

[Event "296th YMCA Winter A"]
[Site "Warsaw"]
[Date "2025.03.06"]
[Round "9"]
[White "Sternik, Piotr"]
[Black "Kasperkiewicz, Pawel"]
[Result "1-0"]
[WhiteElo "1876"]
[BlackElo "1871"]
[PlyCount "67"]
[EventDate "2025.01.10"]
[EventType "tourn"]
[EventRounds "1"]
[EventCountry "POL"]
[SourceDate "2025.01.10"]

1. e4 e6 2. Nf3 d5 3. e5 c5 4. b4 c4 5. c3 a5 6. b5 Nd7 7. Ba3 Bxa3 8. Nxa3 Qc7
9. b6 Qc5 10. Qa4 Ne7 11. Rb1 Nc6 12. d4 cxd3 13. Nb5 O-O 14. Qf4 f6 15. exf6
Rxf6 16. Qh4 e5 17. Ng5 h6 18. Bxd3 hxg5 19. Qh7+ Kf7 20. Qh5+ Ke7 21. O-O Nf8
22. Nc7 Ne6 23. Qe8+ Kd6 24. Nb5+ Qxb5 25. Bxb5 Rf8 26. Qg6 Bd7 27. Rfd1 Rad8
28. g3 Ne7 29. Qd3 Nc5 30. Qe3 Bf5 31. Re1 e4 32. Rbd1 Ne6 33. c4 d4 34. Qa3+
1-0

[Event "296th YMCA Winter A"]
[Site "Warsaw"]
[Date "2025.03.14"]
[Round "10"]
[White "Flis, Piotr"]
[Black "Kasperkiewicz, Pawel"]
[Result "1-0"]
[WhiteElo "1993"]
[BlackElo "1871"]
[PlyCount "75"]
[EventDate "2025.01.10"]
[EventType "tourn"]
[EventRounds "1"]
[EventCountry "POL"]
[SourceDate "2025.01.10"]

1. e4 e6 2. d4 d5 3. e5 c5 4. c3 Nc6 5. Nf3 Bd7 6. Be2 Nge7 7. Na3 cxd4 8. cxd4
Nf5 9. Nc2 Qb6 10. O-O Na5 11. Re1 Bb5 12. Bxb5+ Qxb5 13. Ne3 Nxe3 14. Rxe3 Be7
15. Ne1 Nc6 16. Rg3 g6 17. Nc2 f6 18. exf6 Bxf6 19. Rb3 Qa6 20. Qg4 Ne7 21. Nb4
Qd6 22. Bf4 Qd7 23. Nd3 Bxd4 24. Rb4 Bb6 25. Ne5 Qd6 26. Rb3 Rf8 27. Nxg6 Bxf2+
28. Kh1 Rxf4 29. Nxf4 O-O-O 30. Nxe6 Rg8 31. Rc1+ Kb8 32. Qf4 Qxf4 33. Nxf4 d4
34. Ne6 Nd5 35. Nxd4 Bxd4 36. Rd1 Re8 37. h3 Bb6 38. Rxd5 1-0

[Event "296th YMCA Winter A"]
[Site "Warsaw"]
[Date "2025.03.13"]
[Round "10"]
[White "Pettersson, Alexander"]
[Black "Sternik, Piotr"]
[Result "1/2-1/2"]
[WhiteElo "1841"]
[BlackElo "1876"]
[PlyCount "55"]
[EventDate "2025.01.10"]
[EventType "tourn"]
[EventRounds "1"]
[EventCountry "POL"]
[SourceDate "2025.01.10"]

1. d4 Nf6 2. c4 e6 3. Nf3 Bb4+ 4. Nbd2 O-O 5. a3 Bxd2+ 6. Bxd2 d6 7. Bg5 h6 8.
Bh4 Qe7 9. e3 e5 10. Be2 a5 11. b3 Nbd7 12. O-O Re8 13. dxe5 dxe5 14. Qc2 b6
15. Rfd1 Bb7 16. Qb2 Qe6 17. Bxf6 Nxf6 18. c5 bxc5 19. Rac1 Ne4 20. Nd2 Nxd2
21. Rxd2 Qg6 22. Bf1 Qb6 23. Qc3 Ba6 $11 24. Bxa6 Rxa6 25. Qxc5 Qxb3 26. Rc3
Qb1+ 27. Rc1 Qb3 28. Rc3 $11 1/2-1/2

[Event "296th YMCA Winter A"]
[Site "Warsaw"]
[Date "2025.03.12"]
[Round "10"]
[White "Rozycki, Bartlomiej"]
[Black "Szwaj, Jacek"]
[Result "1-0"]
[WhiteElo "2130"]
[BlackElo "1924"]
[PlyCount "109"]
[EventDate "2025.01.10"]
[EventType "tourn"]
[EventRounds "1"]
[EventCountry "POL"]
[SourceDate "2025.01.10"]

1. e4 c5 2. Nf3 d6 3. d4 cxd4 4. Nxd4 Nf6 5. Nc3 Nc6 6. Bg5 e6 7. Qd2 a6 8.
O-O-O Bd7 9. f4 Be7 10. Nf3 b5 11. Bxf6 gxf6 12. Bd3 Qb6 13. Rhe1 O-O-O 14. Kb1
Kb8 15. f5 h5 16. Ne2 Bc8 17. Nf4 Rdg8 18. Qe2 Rg4 19. g3 h4 20. fxe6 fxe6 21.
Nd4 e5 22. Nxc6+ Qxc6 23. Nd5 Bd8 24. Ne3 Rg5 25. g4 Be6 26. h3 Rg7 27. Rf1 Rb7
28. Rc1 a5 29. c4 bxc4 30. Nxc4 Qa4 31. Rc3 Rhh7 32. Ra3 Qb4 33. Rb3 Qa4 34.
Qc2 Rxb3 35. Qxb3+ Qxb3 $11 36. axb3 Rd7 37. Kc2 d5 38. exd5 Rxd5 39. Bf5 Bg8
40. Bd3 Be7 41. Ne3 Rc5+ 42. Bc4 a4 43. Kd2 Bh7 44. bxa4 Rc6 45. b3 Be4 46. Ke2
Bc5 47. Bd5 Bxd5 48. Nxd5 Bd4 49. Kd3 Bb2 50. b4 Kb7 51. Rf2 e4+ 52. Kxe4 Rc4+
53. Kf5 Ba3 54. Rf3 Bxb4 55. Rb3 1-0

[Event "296th YMCA Winter A"]
[Site "Warsaw"]
[Date "2025.02.19"]
[Round "10"]
[White "Mazurek, Jerzy"]
[Black "Choroszej, Aleksander"]
[Result "1/2-1/2"]
[WhiteElo "1891"]
[BlackElo "2022"]
[PlyCount "95"]
[EventDate "2025.01.10"]
[EventType "tourn"]
[EventRounds "1"]
[EventCountry "POL"]
[SourceDate "2025.01.10"]

1. e4 g6 2. d4 Bg7 3. Nc3 d6 4. Be3 a6 5. Qd2 b5 6. h4 h6 7. O-O-O Nd7 8. f3
Bb7 9. Nh3 Rc8 10. g4 e6 11. g5 h5 12. d5 exd5 13. Nxd5 Ne7 14. Nhf4 O-O 15.
Bh3 Bxd5 16. Nxd5 Nxd5 17. Qxd5 Rb8 18. f4 Kh7 19. e5 Nb6 20. Bxb6 Rxb6 21.
Rhf1 Qe7 22. e6 fxe6 23. Bxe6 Kh8 24. f5 gxf5 25. Rxf5 Rbb8 26. Bf7 Be5 27. Qf3
Kg7 28. Rf1 Rh8 29. Bxh5 Rbf8 30. Rxf8 Rxf8 31. Qxf8+ Qxf8 32. Rxf8 Kxf8 33.
Be2 Bg3 34. g6 Bxh4 35. c3 Kg7 36. Bd3 a5 37. a3 c5 38. Be4 b4 39. cxb4 cxb4
40. a4 b3 41. Kd2 Bf6 42. Kd3 Bxb2 43. Kc4 Ba3 44. Kxb3 Bb4 45. Kc4 Kf6 46. Kd5
Kg7 47. Ke6 Bc5 48. Bd3 $11 1/2-1/2

[Event "296th YMCA Winter A"]
[Site "Warsaw"]
[Date "2025.02.27"]
[Round "10"]
[White "Lewandrowski, Tomasz"]
[Black "Urych, Krzysztof"]
[Result "0-1"]
[WhiteElo "1972"]
[BlackElo "1954"]
[PlyCount "96"]
[EventDate "2025.01.10"]
[EventType "tourn"]
[EventRounds "1"]
[EventCountry "POL"]
[SourceDate "2025.01.10"]

1. d4 Nf6 2. Nf3 d5 3. g3 e6 4. Bg2 Be7 5. O-O O-O 6. b3 c5 7. e3 Nc6 8. c4
cxd4 9. exd4 Bd7 10. Nc3 Rc8 11. cxd5 exd5 12. Bb2 Be6 $11 13. Qe2 Re8 14. Rfd1
Bg4 15. Qb5 Rc7 16. h3 a6 17. Qf1 Bf5 18. g4 Be4 19. Nxe4 Nxe4 20. Rac1 Bf6 21.
a3 Qe7 22. Qd3 Rec8 23. Re1 Qd6 24. b4 b5 25. Nh2 Nxf2 26. Qf5 Ne4 27. Rcd1 g6
28. Qf1 Bh4 29. Rxe4 dxe4 30. Bxe4 Re8 31. Bg2 Bf6 32. Nf3 Ne7 33. Ne5 Rc2 34.
Ba1 Bxe5 35. dxe5 Qe6 36. Rd6 Qc4 37. Qxc4 bxc4 38. Bd4 c3 39. e6 Rc1+ 40. Kf2
c2 41. exf7+ Kxf7 42. Be3 Rd1 43. Rxa6 c1=Q 44. Bxc1 Rxc1 45. b5 Rc2+ 46. Kg3
Rd8 47. b6 Rd3+ 48. Kh2 Rdd2 0-1

[Event "296th YMCA Winter A"]
[Site "Warsaw"]
[Date "2025.03.12"]
[Round "10"]
[White "Bobinski, Lukasz"]
[Black "Celinski, Kamil"]
[Result "1-0"]
[WhiteElo "1922"]
[BlackElo "1997"]
[PlyCount "91"]
[EventDate "2025.01.10"]
[EventType "tourn"]
[EventRounds "1"]
[EventCountry "POL"]
[SourceDate "2025.01.10"]

1. e4 e5 2. Nf3 Nc6 3. Bc4 Nf6 4. d3 Bc5 5. c3 d6 6. Bg5 a5 7. a4 O-O 8. Nbd2
Be6 9. O-O h6 10. Bh4 g5 11. Bg3 Kg7 12. Re1 Ba7 13. b3 Nd7 14. Nf1 Qf6 15. Ne3
Nb6 16. Nd5 Bxd5 17. exd5 Ne7 18. Nxe5 Nf5 19. d4 Nxg3 20. Ng4 Qg6 21. hxg3
Nxc4 22. bxc4 Rae8 23. Ne3 f5 24. g4 fxg4 25. Qxg4 Rf7 26. Re2 h5 27. Qg3 Ref8
28. Rae1 Rf4 29. Nd1 c6 30. Re7+ R8f7 31. Rxf7+ Kxf7 32. Qe3 Kg7 33. Qe8 Qxe8
$11 34. Rxe8 cxd5 35. cxd5 Rf7 36. Ne3 b5 37. axb5 a4 38. Nc4 Rb7 39. Nxd6 Rd7
40. Nc4 Rb7 41. d6 Kf6 42. Rc8 Bb8 43. d7 Rxd7 44. Rxb8 Rc7 45. Ne3 a3 46. Nd5+
1-0

[Event "296th YMCA Winter A"]
[Site "Warsaw"]
[Date "2025.03.19"]
[Round "11"]
[White "Celinski, Kamil"]
[Black "Flis, Piotr"]
[Result "0-1"]
[WhiteElo "1997"]
[BlackElo "1993"]
[PlyCount "130"]
[EventDate "2025.01.10"]
[EventType "tourn"]
[EventRounds "1"]
[EventCountry "POL"]
[SourceDate "2025.01.10"]

1. c4 c6 2. g3 d5 3. Nf3 dxc4 4. Bg2 e6 5. O-O Nf6 6. a4 Nbd7 7. Qc2 b6 8. Qxc4
Bb7 9. Nc3 c5 10. d4 Rc8 11. Rd1 cxd4 12. Qxd4 Bc5 13. Qh4 Qe7 14. Bf4 a6 15.
Rd2 O-O 16. Rad1 Rfd8 17. e4 Nf8 18. e5 Rxd2 19. Rxd2 Nd5 20. Bg5 Qc7 21. Nxd5
Bxd5 22. b4 Ng6 23. Qg4 Bf8 24. Rd1 Qb7 25. h4 Rc4 26. Qh5 Bxb4 27. Be3 h6 28.
Ne1 Bxe1 29. Bxd5 exd5 30. Rxe1 Re4 31. Rc1 d4 32. Bd2 Rxe5 33. Qg4 Re6 34.
Qxd4 Ne5 35. Qd8+ Kh7 36. Be3 Nf3+ 37. Kf1 Nh2+ 38. Kg1 Ng4 39. Qd3+ Kg8 40.
Qd8+ Kh7 41. Qd3+ g6 42. Bf4 Qh1+ 43. Kxh1 Nxf2+ 44. Kh2 Nxd3 45. Rc7 Kg7 46.
Rc4 b5 47. Rd4 Re2+ 48. Kh3 Nxf4+ 49. Rxf4 Rb2 50. axb5 Rxb5 51. Ra4 a5 52. Ra2
h5 53. Ra3 Kf6 54. Rf3+ Ke6 55. Re3+ Kd6 56. Rf3 Rf5 57. Rd3+ Kc5 58. Rd7 a4
59. Ra7 Kb5 60. Rb7+ Ka6 61. Rd7 a3 62. Rd8 Ra5 63. Rd6+ Kb5 64. Rd5+ Kb4 65.
Rd4+ Kc3 0-1

[Event "296th YMCA Winter A"]
[Site "Warsaw"]
[Date "2025.03.21"]
[Round "11"]
[White "Urych, Krzysztof"]
[Black "Bobinski, Lukasz"]
[Result "1/2-1/2"]
[WhiteElo "1954"]
[BlackElo "1922"]
[PlyCount "92"]
[EventDate "2025.01.10"]
[EventType "tourn"]
[EventRounds "1"]
[EventCountry "POL"]
[SourceDate "2025.01.10"]

1. e4 c5 2. Nf3 e6 3. d4 cxd4 4. Nxd4 Nf6 5. Nc3 Nc6 6. Nxc6 bxc6 7. e5 Nd5 8.
Ne4 Qc7 9. f4 Qb6 10. c4 Bb4+ 11. Ke2 f5 12. exf6 Nxf6 13. Be3 Qd8 14. Nd6+
Bxd6 15. Qxd6 Bb7 16. c5 Nd5 17. Bd4 Qa5 18. Kf3 Qd2 19. Qe5 Nxf4 20. Bc3 Ng6
21. Qxe6+ dxe6 22. Bxd2 Rd8 23. Bc3 O-O+ 24. Ke3 $11 Nf4 25. g3 Nd5+ 26. Ke4
Nxc3+ 27. bxc3 Rf5 28. Bh3 Rxc5 29. Bxe6+ Kf8 30. Rhf1+ Ke7 31. Bb3 Ba6 32.
Rf7+ Ke8 33. Rxg7 Rxc3 34. Re1 Rd7 35. Rg8+ Ke7 36. Rg7+ Kd8 37. Rxd7+ Kxd7 38.
Rd1+ $11 Kc7 39. Kd4 Rf3 40. Rd2 h6 41. Ke4 Rc3 42. Kf5 Bd3+ 43. Ke5 c5 44. Kd5
c4 45. Kd4 Rc1 46. Rd1 Rxd1 $11 1/2-1/2

[Event "296th YMCA Winter A"]
[Site "Warsaw"]
[Date "2025.03.18"]
[Round "11"]
[White "Choroszej, Aleksander"]
[Black "Lewandrowski, Tomasz"]
[Result "1-0"]
[WhiteElo "2022"]
[BlackElo "1972"]
[PlyCount "75"]
[EventDate "2025.01.10"]
[EventType "tourn"]
[EventRounds "1"]
[EventCountry "POL"]
[SourceDate "2025.01.10"]

1. d4 Nf6 2. c4 e6 3. Nc3 d5 4. Nf3 Be7 5. Bf4 c6 6. e3 O-O 7. c5 Nbd7 8. Bd3
a5 9. a3 b6 10. b4 bxc5 11. bxc5 Ba6 12. Bxa6 Rxa6 13. O-O Nh5 14. Rb1 Nxf4 15.
exf4 Qc7 16. g3 Raa8 17. Qd3 g6 18. Na4 Bf6 19. Nb6 Ra7 20. Rb3 Bg7 21. Nxd7
Qxd7 22. Ne5 Bxe5 23. fxe5 f6 24. Qe3 f5 25. f4 Rb7 26. Rfb1 Rfb8 27. Qc3 Kg7
28. Rb6 Rxb6 29. cxb6 Qb7 30. Qxa5 Ra8 31. Qb4 Qa6 32. Rb2 Qd3 33. a4 c5 34. b7
cxb4 35. bxa8=Q Qxd4+ 36. Rf2 Qd1+ 37. Kg2 b3 38. a5 1-0

[Event "296th YMCA Winter A"]
[Site "Warsaw"]
[Date "2025.03.21"]
[Round "11"]
[White "Szwaj, Jacek"]
[Black "Mazurek, Jerzy"]
[Result "1/2-1/2"]
[WhiteElo "1924"]
[BlackElo "1891"]
[PlyCount "105"]
[EventDate "2025.01.10"]
[EventType "tourn"]
[EventRounds "1"]
[EventCountry "POL"]
[SourceDate "2025.01.10"]

1. e4 c5 2. Nf3 Nc6 3. d4 cxd4 4. Nxd4 e6 5. Nc3 Qc7 6. Qd3 Nf6 7. Ndb5 Qb8 8.
Qg3 d6 9. Be3 a6 10. Nd4 h5 11. f3 Bd7 12. Be2 b5 13. Nxc6 Bxc6 14. O-O Qb7 15.
Rfd1 Be7 16. Bd3 h4 17. Qf2 b4 18. Ne2 e5 19. c4 Nd7 20. b3 a5 21. Bc2 g6 22.
h3 Kf8 23. Qe1 Kg7 24. Qd2 Nf8 25. Nc1 Ne6 26. Nd3 Bd8 27. Nf2 Bc7 28. Ng4 f6
29. Kh1 Rad8 30. Bf2 Bb6 31. a3 Bd4 32. Bxd4 Nxd4 33. axb4 axb4 34. Ra2 Ra8 35.
Rda1 Rxa2 36. Rxa2 Ra8 37. Qh6+ Kf7 38. Rxa8 Qxa8 39. Bd1 Qa1 40. Nf2 g5 41.
Qh7+ Ke6 42. Kh2 Qc1 43. g3 hxg3+ 44. Kxg3 Qf4+ 45. Kg2 Be8 46. Qg8+ Ke7 47.
Qd5 Bh5 48. Qb7+ Ke6 49. Qc8+ Ke7 50. Qb7+ Ke6 51. Qd5+ Ke7 52. Qb7+ Ke6 53.
Qd5+ $11 1/2-1/2

[Event "296th YMCA Winter A"]
[Site "Warsaw"]
[Date "2025.03.19"]
[Round "11"]
[White "Sternik, Piotr"]
[Black "Rozycki, Bartlomiej"]
[Result "0-1"]
[WhiteElo "1876"]
[BlackElo "2130"]
[PlyCount "48"]
[EventDate "2025.01.10"]
[EventType "tourn"]
[EventRounds "1"]
[EventCountry "POL"]
[SourceDate "2025.01.10"]

1. e4 c6 2. d4 d5 3. e5 Bf5 4. h4 h5 5. Nf3 e6 6. Bd3 Bxd3 7. Qxd3 Qa5+ 8. Nbd2
Nh6 9. O-O Nf5 10. Nb3 Qa6 11. Bg5 Qxd3 12. cxd3 a5 13. a3 a4 14. Nbd2 Na6 15.
Rfc1 Nc7 16. Nf1 Nb5 17. Be3 Be7 18. g3 Kd7 19. N1d2 Bd8 20. b3 Bb6 21. bxa4
Rxa4 22. Nb3 Rha8 23. Nc5+ Bxc5 24. dxc5 Rxa3 0-1

[Event "296th YMCA Winter A"]
[Site "Warsaw"]
[Date "2025.03.21"]
[Round "11"]
[White "Kasperkiewicz, Pawel"]
[Black "Pettersson, Alexander"]
[Result "1-0"]
[WhiteElo "1871"]
[BlackElo "1841"]
[PlyCount "85"]
[EventDate "2025.01.10"]
[EventType "tourn"]
[EventRounds "1"]
[EventCountry "POL"]
[SourceDate "2025.01.10"]

1. e4 c6 2. d4 d5 3. e5 c5 4. dxc5 e6 5. Nf3 Bxc5 6. a3 Ne7 7. Bd3 Ng6 8. O-O
Nc6 9. b4 Be7 10. Bb2 f6 11. exf6 Bxf6 12. Bxf6 Qxf6 13. Bxg6+ Qxg6 14. Nbd2 a6
15. c4 O-O 16. Re1 Qf6 17. Qe2 Bd7 18. Nb3 Rad8 19. b5 axb5 20. cxb5 Nb8 21.
Nbd4 Rde8 22. Ne5 Bc8 23. Ndf3 Nd7 24. Nxd7 Bxd7 25. Ne5 Bc8 26. Rad1 Qf4 27.
Qb2 Rf5 28. Qd4 Qg5 29. Qe3 Qf6 30. Re2 Rf8 31. h3 Qd8 32. a4 Qf6 33. Rc1 Rf4
34. a5 Re4 35. Ng4 Qf5 36. Qd2 h6 37. Rxe4 Qxe4 38. Rc7 h5 39. Qg5 Qh7 40. Ne5
Qb1+ 41. Kh2 Qh7 42. Ng6 Re8 43. Ne7+ 1-0